MARC

LEADER 00000cam a2200000 7i4500
001 0000166320
005 20120927.0
020 |a 1594134677 
020 |a 9781594134678 
090 0 0 |a 940.5459730922   |b AMB 
100 1 |a Ambrose, Hugh 
245 1 4 |a The pacific   |c Hugh Ambrose 
260 |a Detroit :   |b Gale Cengage Learning ,   |c 2010 
300 |a 1033p. ;   |c 21cm. 
500 |a Large Print 
650 0 0 |a Marines   |z United States   |x Biography 
650 0 0 |a United States   |x Marine Corps   |x Biography 
650 0 0 |a United States   |x Marine Corps   |x History   |x World War, 1939-1945 
650 0 0 |a World War, 1939-1945   |x Campaigns   |z Pacific Area 
999 |a 00265955   |b BUKU   |c PINJAMAN   |e PERPUSTAKAAN KOMUNITI PETALING JAYA